000 04065nab a22007577 4500
003 AR-RoUNA
022 _a0327-9022
040 _aAR-RoUNA
_bspa
041 _aspa
044 _aag
245 _aSumma+ /
_bSuperposiciones - Rehabilitaciones - Ampliaciones
260 _aBuenos Aires (Argentina):
_cDonn SA,
_b1993.
300 _a136 p. :
_bil. byn.
_bplanos
_c34X25 cm.
505 0 _tINDICE
505 0 _aFernando Diez / Superposiciones. p. 1
505 0 _tCARTELERA
505 0 _tLA CORONA DE LA CIUDAD
505 0 _aHerzog & de Meuron / Elbphilharmone Hamburg, Hamburgo, Alemania, 2016. p. 10
505 0 _tNAVE INSIGNIA
505 0 _aZaha Hadid (ZHA) / Casa del Puerto, Amberes, Bélgica, 2016. p. 28
505 0 _tCLÁSICA Y MODERNA, Valeria Matayoshi. p. 40
505 0 _tVISIBLE INVISIBLE
505 0 _aDavid Mutal / Hotel B, Barranco, Lima, Perú, 2013. p. 42
505 0 _tCULTURA AMPLIADA
505 0 _aLPS Arqs; Víctor Lorieto, Conrado Pintos, Luis Santellán / Teatro Politeama, Tomás Berreta Nº 312, Canelones, Uruguay, 2014. p. 48
505 0 _tMANSARDAS URUGUAYAS
505 0 _aEstudio ZIP / Guillermo Probst y Luis Zino, La Mansarde, Ciudad Vieja, Montevideo, Uruguay, 2011. p. 54
505 0 _tCRECIENDO EN ALTURA
505 0 _aFederico Argüello Pitt, Federico Weskamp Javier Zanotti, Gustavo Ostoich / Hotel Y111, Av. Hipólito Yrigoyen 111, Bº, Nueva Córdoba, Ciudad de Córdoba, Argentina, 2013. p. 60
505 0 _tHAUSSMAN: UN MODELO DE CIUDAD, Magdalena Tagliabue. p. 66
505 0 _tEL GRIS Y SUS POSIBILIDADES, Martín Di Peco. p. 76
505 0 _tEXPANSIÓN Y AGRESIÓN
505 0 _aAnne Lacaton & Jean Philippe Vassal, Frédéric Druot, Christophe Hutin / Transformación de 530 viviendas, Bordeaux, Francia, 2016. p. 78
505 0 _tUNA SEGUNDA OPOTUNIDAD
505 0 _aNL Architects y XVW Architectur / Kleiburg de Flat, Bulmermeer, Amsterdam Zuidoost, Países Bajos, 2017. p. 84
505 0 _tRECUPERACIÓN PROGRESIVA, Cláudia Costa Cabral. p. 90
505 0 _tVOLVIENDO A BRILLAR, Gustavo Alonso Serafin. p. 96
505 0 _aBanco Ciudad de Buenos Aires Casa Central / Refuncionalización 1968, Manteola, Petchersky, Sánchez Gómez, Santos Solsona, Viñoly. p. 97
505 0 _aBanco Ciudad de Buenos Aires Casa Central / Refuncionalización 2016, MSGSS. p. 103
505 0 _tDE ENVOLVENTES DURAS E INTERIORES CÁLIDOS, Magdalena Tagliabue. p. 104
505 0 _tREFORMA CROMÁTICA
505 0 _aCarbono Atelier / Yerbal, Flores, CABA, Argentina, 2017. p. 106
505 0 _tTIPOLOGÍA COMO ENVOLVENTE
505 0 _aDe Vylder Vinck Taillieu / Casa Scheeplos, Gante, Bélgica, 2011. p. 108
505 0 _tESQUIVANDO LA RUINA
505 0 _aSami arqs / Casa E/C, Isla Do Pico, Azores, Portugal, 2013. p. 110
505 0 _tCON - TEXTURA HISTÓRICA
505 0 _aGus Wüstemann architects / Casa Z22 y Almacén F88, Zúrich, Suiza, 2017. p. 114
505 0 _tPRESEVACIÓN: ¿TODO, NADA, CUANTO?, Fabio Grementieri. p. 118
505 0 _tTRADICIÓN Y MODERNIDAD 1
505 0 _aLacroze, Miguens, Prati / Aberg Cobo, Las Heras 1722, Recoleta, CABA, Argentina, 2014. p. 122
505 0 _tTRADICIÓN Y MODERNIDAD 2
505 0 _aEstudio Abramzon + Lopatin / Palais Salguero, Salguero y Charcas, Palermo, CABA, Argentina, 2017. p. 124
505 0 _tEL LIBRO MONOGRÁFICO: UNA BIOGRAFÍA ARQUITECTÓNICA, Fernando Diez. p. 126
505 0 _tESPACIO Y DEVOCIÓN, Rafael E.J Iglesia. p.130
505 0 _tUXMAL EN EL PAPEL, Ignacio Ros de Olano. p. 132
505 0 _tCRISTAL DEL TIEMPO VANO, Mario Sabugo. p. 133
505 0 _tESPACIO Y POLÍTIA EN EL ORIGEN DE LA CIUDAD MODERNA, Roberto Fernández. p. 135
505 0 _tTENSIONES EN EL PLANEAMIENTO DE BUENOS AIRES, Andrés Borthagaray. p. 136
650 _2Arquitectura conteporánea
773 0 _aSumma+
_dBuenos Aires, Argentina
_gNº160 (nov; 2017), p. 136
_x0327-9022
908 _aImp
942 _2udc
_cART
945 _d2022-07-08
980 _6138
_aCarolina Rainero
_8138
_gCarolina Rainero
999 _c12318
_d12318